000 00754cab a2200229 4500
001 ABS37371
008 090401t1987 xxu||||| |||| 00| 0 eng d
035 _a(Sirsi) u3957
041 _aeng
100 _aWells, M.
245 _aMembrane structures off-the-peg
260 _c1987
350 _a0
490 _aBuilding
_vvol 185 (6) 11 February 1987, 63-65 (3)
520 _aAssesses the range of temporary membrane tents produced by Architen , which have been used for such events as the Stoke-on-Trent Garden Festival and the Cannes Film Festival.
650 _aEXHIBITIONS
650 _aPREFABRICATED BUILDINGS
650 _aTEMPORARY ACCOMMODATION
690 _aBUILT ENVIRONMENT-CONSTRUCTION DESIGN
942 _n0
948 _c04/03/1997
999 _c2378
_d2378